National FIFA Team Logos #1 - Statistics

General Stats
  • This quiz has been taken 24 times
  • The average score is 14 of 16
Answer Stats
Picture Answer % Correct
Belgium
95%
Spain
95%
Colombia
90%
Croatia
90%
England
90%
France
90%
Germany
90%
Italy
90%
Mexico
90%
Morocco
90%
Portugal
90%
Brazil
86%
Netherlands
86%
United States
86%
Argentina
81%
Uruguay
76%
No matching quizzes found
Score Distribution
Percent of People with Each Score
Percentile by Number Answered
Your Score History
You have not taken this quiz